<?xml version="1.0" encoding="UTF-8"?>
<record
    xmlns:xsi="http://www.w3.org/2001/XMLSchema-instance"
    xsi:schemaLocation="http://www.loc.gov/MARC21/slim http://www.loc.gov/standards/marcxml/schema/MARC21slim.xsd"
    xmlns="http://www.loc.gov/MARC21/slim">

  <leader>03570    a2200241   4500</leader>
  <controlfield tag="001">29010</controlfield>
  <controlfield tag="005">20260407155559.0</controlfield>
  <controlfield tag="008">260407a1964    arg                 spa d</controlfield>
  <controlfield tag="003">AR-UNSa-BCEJYS</controlfield>
  <datafield tag="040" ind1=" " ind2=" ">
    <subfield code="a">AR-UNSa-BCEJYS</subfield>
    <subfield code="b">spa</subfield>
    <subfield code="c">AR-UNSa-BCEJYS</subfield>
  </datafield>
  <datafield tag="080" ind1=" " ind2=" ">
    <subfield code="a">657</subfield>
    <subfield code="x">Contabilidad</subfield>
  </datafield>
  <datafield tag="245" ind1="1" ind2="0">
    <subfield code="a">Tratado de contabilidad media y superior</subfield>
  </datafield>
  <datafield tag="250" ind1=" " ind2=" ">
    <subfield code="a">2a. ed</subfield>
  </datafield>
  <datafield tag="264" ind1=" " ind2="1">
    <subfield code="a">Buenos Aires :</subfield>
    <subfield code="b">Parten&#xF3;n</subfield>
    <subfield code="c">1964</subfield>
  </datafield>
  <datafield tag="300" ind1=" " ind2=" ">
    <subfield code="a">4 v.</subfield>
    <subfield code="c">24 cm.</subfield>
  </datafield>
  <datafield tag="505" ind1=" " ind2=" ">
    <subfield code="a">Tomo I: Contabilidad media: 1. Introducci&#xF3;n - 2. Valores del activo y pasivo - 3. Cuentas de activo y de pasivo - 4. An&#xE1;lisis y registraci&#xF3;n de operaciones - 5. Cuentas del estado de ingresos - 6. Cuentas del estado de ingresos (continuaci&#xF3;n) - 7. Libros y procedimientos fundamentales - 8. Ejercicio - 9. Cuentas de control y mayores auxiliares - 10. Otros detalles de la t&#xE9;cnica del mayor - 11. Otros tipos de diario - 12. Diarios especializados - 13. Cobros y pagos - 14. Costos corrientes y cuentas por pagar - 15. Costos corrientes a pagar (continuaci&#xF3;n) - 16. Ingresos y cuentas a cobrar - 17. Descuentos y ajustes de ventas - 18. Procedimientos y an&#xE1;lisis para el cierre del ejercicio - 19. Ejemplo sobre las tareas de fin de ejercicio - 20. Hoja de trabajo y estados - 21. Verificaci&#xF3;n y ajuste de caja -- Tomo II: Contabilidda media:  22.Valuaci&#xF3;n y verificaci&#xF3;n de las cuentas a cobrar - 23. Documentos a cobrar y a pagar - 24. Pagar&#xE9;s y letras descontados - 25. Mercader&#xED;as - 26. Fabricaci&#xF3;n - 27. Cuentas de la planta - 28. Normas y procedimientos sobre depreciaci&#xF3;n - 29. Otros rubros del activo fijo - 30. Hoja de trabajo y estados de manufactura - 31. Consignaciones y cuentas de sucursales - 32. Ventas en cuotas - 33. Cuentas de las sociedades - 34. Cuentas de las sociedades (continuaci&#xF3;n) - 35. Cuentas del capital de las sociedades an&#xF3;nimas - 36. Cuentas del capital de las sociedades an&#xF3;nimas (continuaci&#xF3;n) - 37. Dividendos y ganacias retenidas - 38. Debentures - 39. Estados financieros - 40. Interpretaci&#xF3;n de estados - 41. Interpretaci&#xF3;n de estados (continuaci&#xF3;n) -- Tomo III: Contabilidad Superior: 1. Estados financieros - 2. Ejemplos de estados publicados - 3. Estados obligatorios y recomendados - 4. Tipos especiales de estados - 5. Inventario - 6. Valuaci&#xF3;n del inventario - 7. Inversiones - 8. Inversiones (continuaci&#xF3;n) - 9. Cuentas de la planta - 10. Cuentas de planta (continuaci&#xF3;n) - 11. Contabilidad de la depreciaci&#xF3;n - 12. Distribuci&#xF3;n peri&#xF3;dica de la depreciaci&#xF3;n - 13. La depreciaci&#xF3;n de los servicios p&#xFA;blicos - 14. Valuaci&#xF3;n de la planta - 15. Registro de los efectos de las valuaciones - 16. Tierra - 17. Activo agotable -- Tomo IV: Contabilidad Superior: 18. Activo intangible - 19. Valuaci&#xF3;n de los intangibles - 20. Determinaci&#xF3;n de la renta -ingresos - 21. Determinaci&#xF3;n de la renta -cargas - 22. Capital en acciones - 23. Descuento sobre acciones y super&#xE1;vit de capital - 24. Ajustes de la estructura del capital - 25. Dividendos - 26. Super&#xE1;vit y reservas - 27. Pasivo fijo - 28. Pasivo fijo (continuaci&#xF3;n) - 29. An&#xE1;lisis mediante coeficientes - 30. Estado de fondos - 31. Estados descriptivos - 32. Ejemplo sobre an&#xE1;lisis completo - 33. Ajustes conforme a las variaciones del valor de la unidad monetaria - 34. Estados consolidados - 35. Estados consolidados (continuaci&#xF3;n) - 36. Ejemplo sobre la preparaci&#xF3;n de estados consolidados  </subfield>
  </datafield>
  <datafield tag="942" ind1=" " ind2=" ">
    <subfield code="c">BK</subfield>
  </datafield>
  <datafield tag="590" ind1=" " ind2=" ">
    <subfield code="a">niveau_biblio:m niveau_hierar:0</subfield>
  </datafield>
  <datafield tag="100" ind1="1" ind2=" ">
    <subfield code="a">Paton, William A.</subfield>
  </datafield>
  <datafield tag="700" ind1="1" ind2=" ">
    <subfield code="a">Gay, Edwin Francis</subfield>
  </datafield>
  <datafield tag="700" ind1="1" ind2=" ">
    <subfield code="a">Barber&#xE1;, Manuel</subfield>
  </datafield>
  <datafield tag="700" ind1="1" ind2=" ">
    <subfield code="a">Cholvis, Francisco</subfield>
  </datafield>
  <datafield tag="999" ind1=" " ind2=" ">
    <subfield code="c">1786</subfield>
    <subfield code="d">1786</subfield>
  </datafield>
  <datafield tag="952" ind1=" " ind2=" ">
    <subfield code="0">0</subfield>
    <subfield code="1">0</subfield>
    <subfield code="4">0</subfield>
    <subfield code="7">0</subfield>
    <subfield code="a">BCEJYS</subfield>
    <subfield code="b">BCEJYS</subfield>
    <subfield code="c">16</subfield>
    <subfield code="d">2026-04-07</subfield>
    <subfield code="l">0</subfield>
    <subfield code="o">657 P312 v.1 2ed.</subfield>
    <subfield code="p">L20151</subfield>
    <subfield code="r">2026-04-07 15:55:59</subfield>
    <subfield code="w">2026-04-07</subfield>
    <subfield code="y">L</subfield>
  </datafield>
  <datafield tag="952" ind1=" " ind2=" ">
    <subfield code="0">0</subfield>
    <subfield code="1">0</subfield>
    <subfield code="4">0</subfield>
    <subfield code="7">0</subfield>
    <subfield code="a">BCEJYS</subfield>
    <subfield code="b">BCEJYS</subfield>
    <subfield code="c">16</subfield>
    <subfield code="d">2026-04-07</subfield>
    <subfield code="l">0</subfield>
    <subfield code="o">657 P312 v.1 2ed.</subfield>
    <subfield code="p">L21272</subfield>
    <subfield code="r">2026-04-07 15:55:59</subfield>
    <subfield code="w">2026-04-07</subfield>
    <subfield code="y">L</subfield>
  </datafield>
  <datafield tag="952" ind1=" " ind2=" ">
    <subfield code="0">0</subfield>
    <subfield code="1">0</subfield>
    <subfield code="4">0</subfield>
    <subfield code="7">0</subfield>
    <subfield code="a">BCEJYS</subfield>
    <subfield code="b">BCEJYS</subfield>
    <subfield code="c">16</subfield>
    <subfield code="d">2026-04-07</subfield>
    <subfield code="l">0</subfield>
    <subfield code="o">657 P312 v.2 2ed.</subfield>
    <subfield code="p">L20152</subfield>
    <subfield code="r">2026-04-07 15:55:59</subfield>
    <subfield code="w">2026-04-07</subfield>
    <subfield code="y">L</subfield>
  </datafield>
  <datafield tag="952" ind1=" " ind2=" ">
    <subfield code="0">0</subfield>
    <subfield code="1">0</subfield>
    <subfield code="4">0</subfield>
    <subfield code="7">0</subfield>
    <subfield code="a">BCEJYS</subfield>
    <subfield code="b">BCEJYS</subfield>
    <subfield code="c">16</subfield>
    <subfield code="d">2026-04-07</subfield>
    <subfield code="l">0</subfield>
    <subfield code="o">657 P312 v.2 2ed.</subfield>
    <subfield code="p">L21273</subfield>
    <subfield code="r">2026-04-07 15:55:59</subfield>
    <subfield code="w">2026-04-07</subfield>
    <subfield code="y">L</subfield>
  </datafield>
  <datafield tag="952" ind1=" " ind2=" ">
    <subfield code="0">0</subfield>
    <subfield code="1">0</subfield>
    <subfield code="4">0</subfield>
    <subfield code="7">0</subfield>
    <subfield code="a">BCEJYS</subfield>
    <subfield code="b">BCEJYS</subfield>
    <subfield code="c">16</subfield>
    <subfield code="d">2026-04-07</subfield>
    <subfield code="l">0</subfield>
    <subfield code="o">657 P312 v.3 2ed.</subfield>
    <subfield code="p">L20153</subfield>
    <subfield code="r">2026-04-07 15:55:59</subfield>
    <subfield code="w">2026-04-07</subfield>
    <subfield code="y">L</subfield>
  </datafield>
  <datafield tag="952" ind1=" " ind2=" ">
    <subfield code="0">0</subfield>
    <subfield code="1">0</subfield>
    <subfield code="4">0</subfield>
    <subfield code="7">0</subfield>
    <subfield code="a">BCEJYS</subfield>
    <subfield code="b">BCEJYS</subfield>
    <subfield code="c">16</subfield>
    <subfield code="d">2026-04-07</subfield>
    <subfield code="l">0</subfield>
    <subfield code="o">657 P312 v.3 2ed.</subfield>
    <subfield code="p">L21274</subfield>
    <subfield code="r">2026-04-07 15:55:59</subfield>
    <subfield code="w">2026-04-07</subfield>
    <subfield code="y">L</subfield>
  </datafield>
  <datafield tag="952" ind1=" " ind2=" ">
    <subfield code="0">0</subfield>
    <subfield code="1">0</subfield>
    <subfield code="4">0</subfield>
    <subfield code="7">0</subfield>
    <subfield code="a">BCEJYS</subfield>
    <subfield code="b">BCEJYS</subfield>
    <subfield code="c">16</subfield>
    <subfield code="d">2026-04-07</subfield>
    <subfield code="l">0</subfield>
    <subfield code="o">657 P312 v.4 2ed.</subfield>
    <subfield code="p">L20154</subfield>
    <subfield code="r">2026-04-07 15:55:59</subfield>
    <subfield code="w">2026-04-07</subfield>
    <subfield code="y">L</subfield>
  </datafield>
  <datafield tag="952" ind1=" " ind2=" ">
    <subfield code="0">0</subfield>
    <subfield code="1">0</subfield>
    <subfield code="4">0</subfield>
    <subfield code="7">0</subfield>
    <subfield code="a">BCEJYS</subfield>
    <subfield code="b">BCEJYS</subfield>
    <subfield code="c">16</subfield>
    <subfield code="d">2026-04-07</subfield>
    <subfield code="l">0</subfield>
    <subfield code="o">657 P312 v.4 2ed.</subfield>
    <subfield code="p">L21275</subfield>
    <subfield code="r">2026-04-07 15:55:59</subfield>
    <subfield code="w">2026-04-07</subfield>
    <subfield code="y">L</subfield>
  </datafield>
</record>
